Huertas caseras : bioinsumos para producción orgánica /

Đã lưu trong:
Chi tiết về thư mục
Tác giả chính: Montoya Yepes, Diego Fernando (autor.)
Tác giả khác: Aldana Acosta, Jorge Antonio (autor.), Bermúdez Cardona, María Bianney (autora.)
Định dạng: eBook
Ngôn ngữ:Tiếng Tây Ban Nha
Được phát hành: Tolima : Sello Editorial Universidad del Tolima, 2023.
Những chủ đề:
Truy cập trực tuyến:https://elibro.unach.elogim.com/es/lc/unach/titulos/292708
Các nhãn: Thêm thẻ
Không có thẻ, Là người đầu tiên thẻ bản ghi này!

MARC

LEADER 00000nam a2200000 i 4500
001 ELB292708
003 FINmELB
005 20260223142500.5
006 m o d |
007 cr cnu||||||||
008 260223s2023 ck o 001 0 spa d
020 |a 9789585090569  |q (print) 
020 |a 9789585090583  |q (e-book) 
035 |a (OCoLC)1574227523 
040 |a FINmELB  |b spa  |e rda  |c FINmELB 
050 4 |a S494.5.A65  |b M798 2023 
080 |a 632 
082 0 4 |a 338.162  |2 23 
100 1 |a Montoya Yepes, Diego Fernando,  |e autor. 
245 1 0 |a Huertas caseras :  |b bioinsumos para producción orgánica /  |c Diego Fernando Montoya Yepes, Jorge antonio Aldana Acosta, María Bianney Bermúdez Carmona. 
264 1 |a Tolima :  |b Sello Editorial Universidad del Tolima,  |c 2023. 
300 |a 1 recurso en línea (50 páginas)  
336 |a texto  |b txt  |2 rdacontent/spa 
337 |a computadora  |b c  |2 rdamedia/spa 
338 |a recurso en línea  |b cr  |2 rdacarrier/spa 
500 |a incluye índice. 
588 |a Descripción basada en metadatos suministrados por el editor y otras fuentes. 
590 |a Recurso electrónico. Santa Fe, Arg.: elibro, 2026. Disponible vía World Wide Web. El acceso puede estar limitado para las bibliotecas afiliadas a elibro. 
650 4 |a Fungicidas orgánicos. 
650 4 |a Insecticidas orgánicos. 
650 4 |a Plantas  |x Enfermedades y plagas. 
655 4 |a Libros electrónicos. 
700 1 |a Aldana Acosta, Jorge Antonio,  |e autor. 
700 1 |a Bermúdez Cardona, María Bianney,  |e autora. 
797 2 |a elibro, Corp. 
856 4 0 |u https://elibro.unach.elogim.com/es/lc/unach/titulos/292708